| 000 | 00589nam a2200217 a 4500 | ||
|---|---|---|---|
| 005 | 20210219152959.0 | ||
| 008 | 991125n 000 0 u | ||
| 035 | _aUPN01000070440 | ||
| 100 | _aSchmitz, Betty | ||
| 222 | _aNEW DIRECTIONS FOR TEACHING AND LEARNING | ||
| 245 | _aCultural pluralism and core curricula | ||
| 300 | _a61-69 | ||
| 362 | _aNo. 52, 1992 | ||
| 505 | _aJunio 1993 | ||
| 653 | 0 | _aCURRICULUM CENTRADO | |
| 653 | 0 | _aEDUCACION MULTICULTURAL | |
| 653 | 0 | _aINSTRUCCION COLEGIAL | |
| 653 | 0 | _aPLURALISMO CULTURAL | |
| 904 |
_aAC _b008251 |
||
| 905 | _aArticulo | ||
| 999 |
_c65376 _d65376 |
||